[Event "Nikaia Fysiolatriko op B"]
[Site "Nikaia"]
[Date "2015.06.18"]
[Round "2"]
[White "Magiati, Elisavet"]
[Black "Bellos, Vasilios"]
[Result "1/2-1/2"]
[WhiteElo "1147"]
[BlackElo "1490"]
[PlyCount "47"]
[EventDate "2015.06.16"]
[EventType "swiss"]
[EventRounds "9"]
[EventCountry "GRE"]
[SourceTitle "EXT 2024"]
[Source "ChessBase"]
[SourceDate "2023.10.10"]
[SourceVersion "1"]
[SourceVersionDate "2023.10.10"]
[SourceQuality "1"]

1. e4 e5 2. Nc3 Nf6 3. g3 Nc6 4. Bg2 Bb4 5. Nge2 d6 6. h3 0-0 7. 0-0 Be6 8. f4 Bc5+ 9. Kh2 Qe7 10. f5 Bd7 11. d3 h6 12. Ng1 Bxg1+ 13. Kxg1 Nd4 14. g4 Nh7 15. Nd5 Qd8 16. c3 Nb5 17. a4 c6 18. axb5 cxd5 19. exd5 Bxb5 20. c4 Bd7 21. Be3 b6 22. Qd2 f6 23. h4 Qe7 24. Rf3 1/2-1/2